| 000 | 00631nam a22002177a 4500 | ||
|---|---|---|---|
| 003 | OSt | ||
| 005 | 20220107122807.0 | ||
| 008 | 160106b xxu||||| |||| 00| 0 eng d | ||
| 020 | _a9781107103764 | ||
| 040 | _cIIITMK | ||
| 082 | _a616.07548 MAJ/C | ||
| 100 |
_aMajumdar, Angshul _98157 |
||
| 245 |
_aCompressed sensing for magnetic resonance image reconstruction _cAngshul Majumdar |
||
| 260 |
_aDelhi, _bCambridge University Press, _c2015 |
||
| 300 | _axviii, 206p. | ||
| 650 |
_aIMAGE PROCESSING _98158 |
||
| 650 |
_aMAGNETIC RESONANCE IMAGING _98159 |
||
| 650 |
_aMRI _98160 |
||
| 650 |
_aALGORITHMS _98161 |
||
| 942 |
_2ddc _cBK |
||
| 999 |
_c4900 _d4900 |
||